000 00449nam a22001697a 4500
003 BD-ChCU
005 20251119120629.0
008 251119b bg ||||| |||| 00| 0 ben d
040 _cBD-ChCU
082 _a338.5 SOI
100 _aSolberg, Eric J.
_916470
245 _aIntermediate microeconomics.//
_cEric J. Solberg.
260 _aTexas
_bBusiness Pub.
_c1982
300 _axiv, 562p
650 0 _aMicroeconomics.
_916472
942 _2ddc
_cBK
_n0
999 _c109610
_d109610